Projekt merania prietoku zemného plynu na ramene sondy

Salvato in:
Dettagli Bibliografici
Autore principale: Jablonický, František, 1973- (Autore)
Altri autori: Palenčár, Rudolf, 1949- (Relatore della tesi)
Natura: Manoscritto Libro
Lingua:slovacco
Pubblicazione: Bratislava : STU v Bratislave SjF, 2010
Soggetti:
Accesso online:VAIS
Tags: Aggiungi Tag
Nessun Tag, puoi essere il primo ad aggiungerne!!

MARC

LEADER 00000ntm a22000003a 4500
001 stu218831
005 20150617230114.9
008 101207s2010----xo------------------slo-d
040 |a STU  |b slo 
041 0 |a slo 
044 |a xo 
100 1 |a Jablonický, František,  |d 1973-  |4 aut  |u J  |T SjF Strojnícka fakulta  |X 41058  |U J  |Y 20  |7 A000041058 
242 0 0 |a Project of natural gas flow measurement of the well  |y eng 
245 1 |a Projekt merania prietoku zemného plynu na ramene sondy 
260 |a Bratislava :  |b STU v Bratislave SjF,  |c 2010 
650 7 |a aplikovaná mechanika a mechatronika  |2 stusub 
650 7 |a Applied Mechanics and Mechatronics  |2 estusub 
650 7 |a ultrazvuk  |2 stusub 
650 7 |a projektová dokumentácia  |2 stusub 
700 1 |a Palenčár, Rudolf,  |d 1949-  |4 ths  |u J0020  |U SjF Strojnícka fakulta  |T SjF Ústav automatizácie, merania a aplikovanej informatiky  |X 2375  |U J0020  |Y 802  |7 A000002375 
856 4 |a info a plný text  |u http://is.stuba.sk/zp/portal_zp.pl?podrobnosti=73683  |3 VAIS